Notices géographiques, ethnographiques, statistiques, climatologiques et économiques des différentes localites du Mexique / (Record no. 162510)

MARC details
000 -LEADER
campo de control de longitud fija 00728nam a22001815i 4500
001 - NÚMERO DE CONTROL
campo de control 162510
003 - IDENTIFICADOR DE NÚMERO DE CONTROL
campo de control ES-MaACL
005 - FECHA Y HORA DE LA ÚLTIMA TRANSACCIÓN
campo de control 20230906212537.0
008 - DATOS DE LONGITUD FIJA--INFORMACIÓN GENERAL
campo de control de longitud fija 041117s1863 fr |||| | fre d
040 ## - FUENTE DE CATALOGACIÓN
Centro catalogador/agencia de origen CAM
Lengua de catalogación spa
Centro/agencia transcriptor CAM
100 1# - ENTRADA PRINCIPAL--NOMBRE DE PERSONA
Nombre de persona Poyet, C. F.
9 (RLIN) 131334
245 10 - MENCIÓN DEL TÍTULO
Título Notices géographiques, ethnographiques, statistiques, climatologiques et économiques des différentes localites du Mexique /
Mención de responsabilidad, etc. par C. F. Poyet.
260 ## - PUBLICACIÓN, DISTRIBUCIÓN, ETC.
Lugar de publicación, distribución, etc. Paris :
Nombre del editor, distribuidor, etc. Arthus Bertrand,
Fecha de publicación, distribución, etc. 1863 (
Fabricante E. Thunot et Cie)
300 ## - DESCRIPCIÓN FÍSICA
Extensión 40 p. ;
Dimensiones 22 cm.
505 8# - NOTA DE CONTENIDO CON FORMATO
Nota de contenido con formato Contiene: Première monographie: Jalapa
651 #4 - PUNTO DE ACCESO ADICIONAL DE MATERIA--NOMBRE GEOGRÁFICO
Nombre geográfico México-
Subdivisión general Descripción.
9 (RLIN) 9061
852 ## - LOCALIZACIÓN
Ubicación ES-MaACL
Número de control de estantería T-189-F-7
Nota libre -- Enc. hol.
condición física -- Falto de la cub. original
Nota libre -- Enc. en un vol. facticio
Holdings
Estatus retirado Estado de pérdida Estado de daño No para préstamo Colección Biblioteca de origen Biblioteca actual Ubicación en estantería Fecha de adquisición Total de préstamos Signatura topográfica completa Código de barras Visto por última vez Precio de reemplazo Tipo de ítem Koha
        Colección de folletos Biblioteca del Ateneo de Madrid Biblioteca del Ateneo de Madrid Depósito folletos 17/01/2008   T-189-F-7 1170249 23/02/2023 23/02/2023 Folleto